| 000 | 00524nam a2200109Ia 4500 | ||
|---|---|---|---|
| 008 | 160909s9999 xx 000 0 und d | ||
| 100 | _aRuiz-Resto, Jose Valentino | ||
| 245 | 4 | _aThe Effects of Technical and Imagery-based Instruction on Aspiring Performing Artists' Acquisition of Learning Newly Composed Pieces and Improvisation and on Listeners' Perceived Expressivity | |
| 260 |
_bUniversity of South Florida. _c2016 |
||
| 650 | _aInformation Technology | ||
| 856 | _uhttp://pqdtopen.proquest.com/doc/1795094453.html?FMT=ABS | ||
| 999 |
_c303813 _d303813 |
||